00000000nam##2200000za#4500
0019.601526
003CaOODSP
00520210624210121
007cr |||||||||||
008150406|2003||||xxc|||||o    f|0| 0 fre|d
040 |aCaOODSP|bfre
043 |an-cn---
0861 |aYC33-1-0/372-14F-PDF
1101 |aCanada. |bParlement. |bSénat. |bSous-comité des anciens combattants.
24510|aTraumatismes liés au stress : |h[ressource électronique]|ble besoin de compréhension /
2463 |aRapport du Sous-comité des anciens combattants du Comité sénatorial permanent de la Sécurité nationale et de la défense
260 |aOttawa - Ontario : |bSénat. |cJuin 2003.
300 |a62p.|bréférences
4901 |aRapport du Sous-comité des Anciens combattants|v[37e législature, 2e session, 14e rapport]
590 |a11-12-Supp|b2011-07-29
77508|tOccupational stress injuries : |w(CaOODSP)9.570882
830#0|aRapport du Sous-comité des Anciens combattants ;|v[37e législature, 2e session, 14e rapport]|w(CaOODSP)9.502811
85640|ahttp://publications.gc.ca|qPDF|s378 Ko|uhttps://publications.gc.ca/collections/collection_2011/sen/yc33-1-0/YC33-1-0-372-14-fra.pdf|y[37e législature, 2e session, 14e rapport]